| 000 | 00380nam a2200109Ia 4500 | ||
|---|---|---|---|
| 008 | 160909s9999 xx 000 0 und d | ||
| 100 | _aLehner, Carmen | ||
| 245 | _aEvaluating a new plant startup in the rigid plastics packaging industry | ||
| 260 |
_bPepperdine University. _c2016 |
||
| 650 | _aENTREPRENEURSHIP | ||
| 856 | _uhttp://pqdtopen.proquest.com/doc/1807933804.html?FMT=ABS | ||
| 999 |
_c304442 _d304442 |
||